II Curso Internacional de Música de Sitges : 23 agosto al 5 septiembre 1961 23 agosto al 5 septiembre 1961
Descripción Física:
[28] p. ; 14 cm
Materias:
Música -- Ensenyament
MARC
| LEADER | 00000nam a2200000Ia 4500 | ||
|---|---|---|---|
| 001 | 19585 | ||
| 008 | 160829s1961 xx 000 0 cat d | ||
| 080 | |a FU-9-17 | ||
| 245 | |a II Curso Internacional de Música de Sitges : |b 23 agosto al 5 septiembre 1961 | ||
| 260 | |a Sitges : |b Tesa, |c 1961 | ||
| 300 | |a [28] p. ; |c 14 cm | ||
| 590 | |a Prové de R-701 | ||
| 650 | |a Música |x Ensenyament |9 30125 | ||
| 901 | |a Arxiu | ||
| 942 | |n 1 | ||
| 952 | |0 0 |1 0 |4 0 |6 FU917 |7 1 |9 53778 |a Arxiu |b Arxiu |d 2016-12-01 |l 0 |o FU-9-17 |p 19585 |r 2016-12-01 00:00:00 |w 2016-12-01 |y ARXIU | ||
| 999 | |c 57644 |d 57644 | ||